000 00868cam a2200193 4500
001 WB3908-14
008 030227n2003 000 0 eng u
035 _a(Sirsi) u121444
245 _aVideo offers careers advice
260 _c2003
490 _aConsult
_v (30) February 2003, 3(1)
520 _aConstruction Industry Council has launched a new recruitment video aimed at 14-18 year olds, outlining the professional careers available in the construction industry. "Building visions - creative careers in the construction professions" is available from CIC t Bridget Fidler on +44 (0)20 7637 8692. More information can be viewed at http://www.cic.org.uk/BuildVisions/index.htm
590 _aWB
650 _aCAREERS ADVICE
650 _aCONSTRUCTION CAREERS
650 _aCONSTRUCTION PROFESSIONS
690 _aCAREERS, EDUCATION AND TRAINING
942 _n0
999 _c72167
_d72167